| 000 | 01169nam a2200241 4500 | ||
|---|---|---|---|
| 001 | 160101 | ||
| 003 | ES-MaACL | ||
| 005 | 20260301183523.0 | ||
| 008 | 950109s1872 sp |||| | spa d | ||
| 080 | _a929 Alfonso XII, Rey de España | ||
| 080 | _a929 Borbón y de Austria-Este, Carlos de, Duque de Madrid | ||
| 100 | 1 |
_aMontoliú y de Sarriera, Plácido-María de _cMarqués de. _9130114 |
|
| 245 | 1 | 1 |
_a¿Don Alfonso o Don Carlos? : _bestudio histórico-legal / _cpor Plácido María de Montoliú y de Sarriera. |
| 260 |
_aMadrid : _b[s.n.], _c1872 ( _fImp. de Pascual Conesa) |
||
| 300 |
_a119 p., [1] h. pleg. ; _c22 cm. |
||
| 597 | _aH. pleg.: Árbol genealógico de la descendencia de los Reyes Católicos | ||
| 600 | 0 | 4 |
_aAlfonso _bXII, _cRey de España _919874 |
| 600 | 1 | 4 |
_aBorbón y Austria-Este, Carlos de, _cDuque de Madrid, _d1848-1909 _9153058 |
| 651 | 4 |
_aEspaña- _xHistoria- _y1843-1873. _98258 |
|
| 852 | 4 |
_aES-MaACL _jT-121-F-9 _z- Enc. hol., falto de cub. original _z- Enc. en un vol. facticio |
|
| 852 | 4 |
_aES-MaACL _jT-155-F-4 _z- Enc. hol., falto de cub. original _z- Enc. en un vol. facticio |
|
| 999 |
_c160101 _d160101 |
||